<?xml version="1.0" encoding="UTF-8"?>
<record
    xmlns:xsi="http://www.w3.org/2001/XMLSchema-instance"
    xsi:schemaLocation="http://www.loc.gov/MARC21/slim http://www.loc.gov/standards/marcxml/schema/MARC21slim.xsd"
    xmlns="http://www.loc.gov/MARC21/slim">

  <leader>04410njm a2200541Ia 4500</leader>
  <controlfield tag="001">40479</controlfield>
  <controlfield tag="003">IT-RoPAU</controlfield>
  <controlfield tag="005">20220918181128.0</controlfield>
  <controlfield tag="008">131025s9999    xx            000 0 und d</controlfield>
  <datafield tag="040" ind1=" " ind2=" ">
    <subfield code="a">IT-RoPAU</subfield>
  </datafield>
  <datafield tag="040" ind1=" " ind2=" ">
    <subfield code="c">IT-RoPAU</subfield>
  </datafield>
  <datafield tag="999" ind1=" " ind2=" ">
    <subfield code="c">100333</subfield>
    <subfield code="d">100333</subfield>
  </datafield>
  <datafield tag="999" ind1=" " ind2=" ">
    <subfield code="b">n.d.</subfield>
  </datafield>
  <datafield tag="100" ind1=" " ind2=" ">
    <subfield code="a">AA.VV.</subfield>
    <subfield code="9">794</subfield>
  </datafield>
  <datafield tag="100" ind1=" " ind2=" ">
    <subfield code="e">Autore musica</subfield>
    <subfield code="9">21840</subfield>
  </datafield>
  <datafield tag="100" ind1=" " ind2=" ">
    <subfield code="g">Codice autore musica SPICS: 12000</subfield>
    <subfield code="9">796</subfield>
  </datafield>
  <datafield tag="245" ind1=" " ind2=" ">
    <subfield code="a">Jazz. Gli uomini, gli strumenti, gli stili 73</subfield>
  </datafield>
  <datafield tag="250" ind1=" " ind2=" ">
    <subfield code="a">2a ed.</subfield>
  </datafield>
  <datafield tag="260" ind1=" " ind2=" ">
    <subfield code="a">MILANO</subfield>
  </datafield>
  <datafield tag="260" ind1=" " ind2=" ">
    <subfield code="b">FRATELLI FABBRI EDITORI</subfield>
    <subfield code="c">1987 [1a Ed.:]</subfield>
  </datafield>
  <datafield tag="300" ind1=" " ind2=" ">
    <subfield code="a">MUSICASSETTA</subfield>
  </datafield>
  <datafield tag="300" ind1=" " ind2=" ">
    <subfield code="c">39 minuti (Testo:  pag.)</subfield>
  </datafield>
  <datafield tag="500" ind1=" " ind2=" ">
    <subfield code="a">Musica jazz</subfield>
  </datafield>
  <datafield tag="505" ind1=" " ind2=" ">
    <subfield code="a">Old Fashioned Love [(Los Angeles, 11.7.1957) (8:00)] - Blue Lou (6:00) - Ain't She Sweet [(Los Angeles, 21.4.1958) (4:00)] - I Can't Escape From You [(Los Angeles, 21.5.1944) (4:00)] - Cuddle Up, Huddle Up [(New York, 21.1.1941) (3:00)] - Sunday [(New York, 16.10.1941) (Miller-Colen-Stein-Krueger) (3:00)] - Love For Sale [(San Francisco, 25.10.1943) (3:00)] - I Surrender Dear (4:00)</subfield>
  </datafield>
  <datafield tag="511" ind1=" " ind2=" ">
    <subfield code="a">Carter Benny: alto; Webster Ben: ten; Rosolino Frank: tbne; Previn Andr&#xE8;: p; Kessel Barney: chit; Vinnegar Leroy: cb; Manne Shelly: batt; Benny Carter's Jazz Giants</subfield>
  </datafield>
  <datafield tag="511" ind1=" " ind2=" ">
    <subfield code="a">Carter Benny: alto; Previn Andr&#xE8;; p; Kessel Barney: chit; Vinnegar Leroy: cb; Manne Shelly: batt; Benny Carter's Jazz Giants</subfield>
  </datafield>
  <datafield tag="511" ind1=" " ind2=" ">
    <subfield code="a">Carroll John: tr; Davis Edwin: tr; Fletcher Milton: tr; Georges Karl: tr; Moore Alton: tbne; Johnson J.J.: tbne; Haughton Shorty: tbne; Varsalona Bart: tbne; Carter Benny: alto; Kilbert Porter: alto; Brown Willard: alto, bar; Porter Eugene: ten; Wiggins Gerald: p; Edwards W.J.: chit; Drayton Charles: cb; Roach Max: batt; Benny Carter and His Orchestra</subfield>
  </datafield>
  <datafield tag="511" ind1=" " ind2=" ">
    <subfield code="a">Smith Russell: tr; De Paris Sydney: tr; Jones Jonah: tr; Dickinson Vic: tbne; Archey James: tbne; Britton Joe: tbne; Carter Benny: tr, alto, cl; Dorsey George: alto; White Bill: alto, bar; Irish George: ten; Mitchell Fred: ten; White Sonny: p; Thomas Herb: chit; Sturgis Ted: cb; Heard J.C.: batt; Benny Carter and His Orchestra</subfield>
  </datafield>
  <datafield tag="511" ind1=" " ind2=" ">
    <subfield code="a">Williams Nathaniel: tr; Berry Emmett: tr; Reese Rostelle: tr; Archey James: tbne; Morton Henry: tbne; McConnell John: tbne; Carter Benny: tr, alto; Purce Ernie: alto; James George: alto; Powell Ernie: ten; Gibson Alfred: ten; White Sonny: p; Lewis William: chit; Drayton Charles: cb; Shepherd Bill Ford: batt; Benny Carter and His Orchestra</subfield>
  </datafield>
  <datafield tag="511" ind1=" " ind2=" ">
    <subfield code="a">Dunson Claude: tr; Porter Jack: tr; Buckner Teddy: tr; Webster Freddie: tr; Moore Alton: tbne; Johnson J.J.: tbne; Haughton Shorty: tbne; Carter Benny: alto, tr; Kilbert Porter: alto; Brown Willard: alto, bar; Porter Eugene: ten; Myers Bumps: ten; Brandon Ted: p; Livingston Ulysses: chit; Russell Curley: cb; Bradley Oscar: batt; Benny Carter and His Orchestra</subfield>
  </datafield>
  <datafield tag="650" ind1=" " ind2=" ">
    <subfield code="a">JAZZ [CASSETTE]</subfield>
    <subfield code="e">Codice MATERIA SPICS: 9951</subfield>
    <subfield code="9">1831</subfield>
  </datafield>
  <datafield tag="700" ind1=" " ind2=" ">
    <subfield code="a">Carter Benny</subfield>
    <subfield code="g">Codice interprete SPICS: 10774</subfield>
    <subfield code="e">Interprete</subfield>
    <subfield code="9">21841</subfield>
  </datafield>
  <datafield tag="700" ind1=" " ind2=" ">
    <subfield code="a">Mack C.</subfield>
    <subfield code="g">Codice autore musica SPICS: 20198</subfield>
    <subfield code="e">Autore musica</subfield>
    <subfield code="p">Old Fashioned Love</subfield>
    <subfield code="9">21842</subfield>
  </datafield>
  <datafield tag="700" ind1=" " ind2=" ">
    <subfield code="a">Johnson James P.</subfield>
    <subfield code="g">Codice autore SPICS: 16155</subfield>
    <subfield code="e">Autore</subfield>
    <subfield code="p">Old Fashioned Love</subfield>
    <subfield code="9">21843</subfield>
  </datafield>
  <datafield tag="700" ind1=" " ind2=" ">
    <subfield code="a">Sampson Geoffrey</subfield>
    <subfield code="g">Codice autore musica SPICS: 16703</subfield>
    <subfield code="e">Autore musica</subfield>
    <subfield code="p">Blue Lou</subfield>
    <subfield code="9">21844</subfield>
  </datafield>
  <datafield tag="700" ind1=" " ind2=" ">
    <subfield code="a">Mills Irving</subfield>
    <subfield code="g">Codice autore SPICS: 13027</subfield>
    <subfield code="e">Autore</subfield>
    <subfield code="p">Blue Lou</subfield>
    <subfield code="9">21845</subfield>
  </datafield>
  <datafield tag="700" ind1=" " ind2=" ">
    <subfield code="a">Ager</subfield>
    <subfield code="g">Codice autore musica SPICS: 14391</subfield>
    <subfield code="e">Autore musica</subfield>
    <subfield code="p">Ain't She Sweet</subfield>
    <subfield code="9">21846</subfield>
  </datafield>
  <datafield tag="700" ind1=" " ind2=" ">
    <subfield code="a">Yellen</subfield>
    <subfield code="g">Codice autore SPICS: 14392</subfield>
    <subfield code="e">Autore</subfield>
    <subfield code="p">Ain't She Sweet</subfield>
    <subfield code="9">21847</subfield>
  </datafield>
  <datafield tag="700" ind1=" " ind2=" ">
    <subfield code="a">Robin Leo</subfield>
    <subfield code="g">Codice autore musica SPICS: 20175</subfield>
    <subfield code="e">Autore musica</subfield>
    <subfield code="p">I Can't Escape From You</subfield>
    <subfield code="9">21848</subfield>
  </datafield>
  <datafield tag="700" ind1=" " ind2=" ">
    <subfield code="a">Whiting</subfield>
    <subfield code="g">Codice autore SPICS: 16001</subfield>
    <subfield code="e">Autore</subfield>
    <subfield code="p">I Can't Escape From You</subfield>
    <subfield code="9">21849</subfield>
  </datafield>
  <datafield tag="700" ind1=" " ind2=" ">
    <subfield code="a">Carter Benny</subfield>
    <subfield code="g">Codice autore musica SPICS: 10774</subfield>
    <subfield code="e">Autore musica</subfield>
    <subfield code="p">Cuddle Up, Huddle Up</subfield>
    <subfield code="9">21850</subfield>
  </datafield>
  <datafield tag="700" ind1=" " ind2=" ">
    <subfield code="a">Miller Glenn</subfield>
    <subfield code="g">Codice autore musica SPICS: 10757</subfield>
    <subfield code="e">Autore musica</subfield>
    <subfield code="p">Sunday</subfield>
    <subfield code="9">21851</subfield>
  </datafield>
  <datafield tag="700" ind1=" " ind2=" ">
    <subfield code="a">Stein J.</subfield>
    <subfield code="g">Codice autore SPICS: 13952</subfield>
    <subfield code="e">Autore</subfield>
    <subfield code="p">Sunday</subfield>
    <subfield code="9">21852</subfield>
  </datafield>
  <datafield tag="700" ind1=" " ind2=" ">
    <subfield code="a">Krueger</subfield>
    <subfield code="g">Codice autore testo/musica SPICS: 20700</subfield>
    <subfield code="e">Autore testo/musica</subfield>
    <subfield code="p">Sunday</subfield>
    <subfield code="9">21853</subfield>
  </datafield>
  <datafield tag="700" ind1=" " ind2=" ">
    <subfield code="a">Porter Cole</subfield>
    <subfield code="g">Codice autore musica SPICS: 13034</subfield>
    <subfield code="e">Autore musica</subfield>
    <subfield code="p">Love For Sale</subfield>
    <subfield code="9">21854</subfield>
  </datafield>
  <datafield tag="700" ind1=" " ind2=" ">
    <subfield code="a">Barris Harry</subfield>
    <subfield code="g">Codice autore musica SPICS: 18863</subfield>
    <subfield code="e">Autore musica</subfield>
    <subfield code="p">I Surrender Dear</subfield>
    <subfield code="9">21855</subfield>
  </datafield>
  <datafield tag="700" ind1=" " ind2=" ">
    <subfield code="a">Clifford Graeme</subfield>
    <subfield code="g">Codice autore SPICS: 10603</subfield>
    <subfield code="e">Autore</subfield>
    <subfield code="p">I Surrender Dear</subfield>
    <subfield code="9">21856</subfield>
  </datafield>
  <datafield tag="942" ind1=" " ind2=" ">
    <subfield code="c">MC</subfield>
    <subfield code="2">ddc</subfield>
  </datafield>
  <datafield tag="952" ind1=" " ind2=" ">
    <subfield code="0">0</subfield>
    <subfield code="1">0</subfield>
    <subfield code="4">0</subfield>
    <subfield code="6">40479_000000000000000</subfield>
    <subfield code="7">1</subfield>
    <subfield code="a">SPICS</subfield>
    <subfield code="b">SPICS</subfield>
    <subfield code="d">2013-10-25</subfield>
    <subfield code="l">0</subfield>
    <subfield code="o">40479</subfield>
    <subfield code="r">2013-10-25 00:00:00</subfield>
    <subfield code="w">2013-10-25</subfield>
    <subfield code="y">MC</subfield>
    <subfield code="z">Progr. Ins.: 14276 / N.Vol.: 1 / Copie: 1 - Copia rara: n.d. / date import: 01.01.2014 - By Epidotti, Trombetti, Vaglietti</subfield>
  </datafield>
</record>
